Thermal engineering / (Record no. 157586)

MARC details
000 -LEADER
fixed length control field 00631nam a22002057a 4500
005 - DATE AND TIME OF LATEST TRANSACTION
control field 20180920121932.0
010 ## - LCCN (DPL NO)
LC control number ENG-124004
020 ## - INTERNATIONAL STANDARD BOOK NUMBER
International Standard Book Number 9789352866687
Terms of availability 699.00
035 ## - SYSTEM CONTROL NUMBER
System control number EN-107536
037 ## - SOURCE OF ACQUISITION
Source of stock number/acquisition DBAD/PUB
082 ## - DEWEY DECIMAL CLASSIFICATION NUMBER
Classification number 621.4025
100 ## - MAIN ENTRY--PERSONAL NAME
Personal name Sadhu Singh
245 ## - TITLE STATEMENT
Title Thermal engineering /
Statement of responsibility, etc by Sadhu Singh [and] Sukumar Pati
260 ## - PUBLICATION, DISTRIBUTION, ETC. (IMPRINT)
Place of publication, distribution, etc Noida
Name of publisher, distributor, etc Pearson
Date of publication, distribution, etc 2018
270 ## - ADDRESS
Address 15th Floor, Tower B, Worls Trade Tower, Plot No.1, Block -C
City Noida (UP)
Postal code 201301
300 ## - PHYSICAL DESCRIPTION
Extent xxviii,1130p.
Dimensions 24cm.(pbk)
Other physical details ill.
500 ## - GENERAL NOTE
General note It include index
700 ## - ADDED ENTRY--PERSONAL NAME
Personal name Sukumar Pati
942 ## - ADDED ENTRY ELEMENTS (KOHA)
Source of classification or shelving scheme Dewey Decimal Classification
Item type English Books
Classification part 621.4025
Call number suffix SAD
Holdings
Withdrawn status Lost status Not for loan Collection code Home library Current library Date acquired Source of acquisition Cost, normal purchase price Full call number Barcode Copy number Cost, replacement price Koha item type
    Not For Loan Non-fiction D.B.Act.Division Sarojini Nagar 20/09/2018 DBAD/PUB 699.00 621.4025 SAD EN-107536 1 699.00 English Books

© Delhi Public Library
Hit Counter
free hit counter